| 000 | 03980 am a2200349 i 4500 | ||
|---|---|---|---|
| 001 | 9562142 | ||
| 003 | CaAEU | ||
| 005 | 20260304104453.0 | ||
| 008 | 200706s2021 enka b 001 0 eng | ||
| 010 | _a 2020030108 | ||
| 020 |
_a9781350099005 _q(hardback) |
||
| 020 |
_a9781350099012 _q(paperback) |
||
| 035 | _aon1163953326 | ||
| 040 |
_aDLC _beng _erda _cDLC _dAGPC |
||
| 041 | _aEnglish | ||
| 042 | _apcc | ||
| 050 | 0 | 0 |
_aGT511 _b.K56 2021 |
| 100 |
_aKim, Eundeok, _eauthor. _926752 |
||
| 245 | 1 | 0 |
_aFashion trends _b: analysis and forecasting _c/ Eundeok Kim, Ann Marie Fiore, Alice Payne, and Hyejeong Kim. |
| 250 | _aSecond editon. | ||
| 264 | 1 |
_aLondon ; _aNew York : _bBloomsbury Visual Arts, _c2021. |
|
| 300 |
_a176 pages : _billustrations ; _c25 cm. |
||
| 504 | _aIncludes bibliographical references and index. | ||
| 505 | _aThe Basics of Fashion Trends and Forecasting — Introduction to Fashion Trend Terminology — Fashion Trends in Context — The Framework for Fashion Change — Introduction to Fashion Forecasting Terminology — Historical Overview of Fashion Forecasting — Consumers' Role in Fashion Adoption — The Innovation Adoption Process — Factors Influencing the Rate of Adoption: Attributes of the Innovation — Factors Influencing the Rate of Adoption: Consumer Adopter Categories — The Process and Methods of Fashion Trend Analysis and Forecasting — The Process of Fashion Trend Analysis and Forecasting — The Methods of Fashion Trend Analysis and Forecasting — Future of Fashion Forecasting — The Role of Fashion Industry Professionals in Trend Development and Forecasting — The Role of Fashion Industry Professionals in Creating and Supporting Trends — The Role of Developers, Gatekeepers, and Promoters — Forecasting as an Integrated Process — Consumer and Industry Accelerators of Fashion Innovations and Diffusion — The Style-Confident Consumer — Industry Technology Trends that Accelerate Product Innovation and Diffusion — Industry Technology Trends that Accelerate Consumer-Inspired Product Innovation — Digital Technology that Facilitates Opinion Leadership and Innovation Diffusion — Social Responsibility and Sustainability Related to Fashion Trends and Forecasting — Definitions of Social Responsibility and Sustainability — Increased Waste Due to Rapid Diffusion of Innovation — The Influences of Social Responsibility and Sustainability on Fashion Trends — Cost Issues Associated with Environmental Improvements and Programs to Encourage Socially Responsible Firms — Formats of Trend Forecasts and the Influences of Trend Forecasting on Business Decisions — Formats of Trend Forecasts — The Influences of Trend Forecasting on Business Decisions. | ||
| 520 |
_aIn a fast-moving global industry, how can anyone know what the next trend will be? Fashion Trends: Analysis and Forecasting offers a clear pathway into the theory and practice of forecasting fashion, using professional case studies to demonstrate each technique and concept.
This revised edition includes an updated model of the fashion trend analysis and forecasting process and expanded coverage of social media, digital influencers, sustainability and social responsibility. There are also first-hand visual materials relating to forecasts from leading firms.
With the rise of individualism and concern for the sustainable world, the authors also walk you through the 'end of fashion' and what comes next, including: recycled and upcycled fashion, garment rental, subscription services, the circular economy, transparency and traceability, and the role of forecasting in encouraging sustainable lifestyles. _cProvided by publisher. |
||
| 650 | 0 |
_aFashion _xForecasting _910522 |
|
| 650 | 0 |
_aClothing trade _xForecasting _910521 |
|
| 700 |
_aFiore, Ann Marie, _eauthor. _926753 |
||
| 700 |
_aPayne, Alice, _eauthor. _926754 |
||
| 700 |
_aKim, Hyejeong, _eauthor. _926755 |
||
| 942 | _2lcc | ||
| 999 |
_c5367 _d5367 |
||